Online
Catalog

Estudios sociales y económicos / (Record no. 5544)

MARC details
000 -CABECERA
campo de control de longitud fija 01013cam a2200253 a 4500
001 - NÚMERO DE CONTROL
campo de control 000005748
005 - FECHA Y HORA DE LA ÚLTIMA TRANSACCIÓN
campo de control 20200929151752.0
008 - DATOS DE LONGITUD FIJA--INFORMACIÓN GENERAL
campo de control de longitud fija 811002s1972 uy b f000 0 spa
010 ## - NÚMERO DE CONTROL DE LA BIBLIOTECA DEL CONGRESO
Número de control de LC 81184328
040 ## - FUENTE DE LA CATALOGACIÓN
Centro catalogador/agencia de origen DO-SdBNP
Centro/agencia transcriptor DLC
Centro/agencia modificador DLC
-- OCoLC
082 ## - NÚMERO DE LA CLASIFICACIÓN DECIMAL DEWEY
Número de clasificación 330
Número de documento/Ítem B352e
100 1# - ENTRADA PRINCIPAL--NOMBRE DE PERSONA
Nombre de persona Bauza, Francisco,
Fechas asociadas al nombre 1849-1899.
9 (RLIN) 16267
245 10 - MENCIÓN DE TÍTULO
Título Estudios sociales y económicos /
Mención de responsabilidad, etc. Francisco Bauza ; prólogo de Juan E. Pivel Devoto.
260 ## - PUBLICACIÓN, DISTRIBUCIÓN, ETC.
Lugar de publicación, distribución, etc. Montevideo :
Nombre del editor, distribuidor, etc. Ministerio de Educación y Cultura,
Fecha de publicación, distribución, etc. 1972.
300 ## - DESCRIPCIÓN FÍSICA
Extensión 2 v. ;
Dimensiones 20 cm.
440 #0 - MENCIÓN DE SERIE/PUNTO DE ACCESO ADICIONAL--TÍTULO
Título Biblioteca Artigas
Nombre de parte o sección de la obra Clasicos uruguayos ;
Designación de volumen o secuencia v. 140-141
9 (RLIN) 16268
504 ## - NOTA DE BIBLIOGRAFÍA, ETC.
Nota de bibliografía, etc. Incluye referencia bibliográfica
505 0# - NOTA DE CONTENIDO CON FORMATO
Nota de contenido con formato t. 1. Selección de discursos -- t. 2. Estudios sociales y económicos.
650 #4 - PUNTO DE ACCESO ADICIONAL DE MATERIA--TÉRMINO DE MATERIA
Término de materia o nombre geográfico como elemento de entrada Economía
Subdivisión general Aspectos sociológicos
9 (RLIN) 16269
651 #4 - PUNTO DE ACCESO ADICIONAL DE MATERIA--NOMBRE GEOGRÁFICO
Nombre geográfico Uruguay
Código de función/relación CONDICIONES ECONÓMICAS
9 (RLIN) 16270
700 1# - PUNTO DE ACCESO ADICIONAL--NOMBRE DE PERSONA
Nombre de persona Pivel Devoto, Juan E.,
Término indicativo de función/relación pról.
9 (RLIN) 16271
830 #0 - PUNTO DE ACCESO ADICIONAL DE SERIE-TÍTULO UNIFORME
Título uniforme Biblioteca Artigas
Nombre de parte o sección de la obra Clasicos uruguayos ;
Designación de volumen o secuencia v. 140-141
9 (RLIN) 16268
910 ## - DATOS DE OPCIÓN DEL USUARIO (OCLC)
Datos de opción del usuario Catalogación por copia / LC
Holdings
Estado de retiro Estado de pérdida Restricciones de uso No para préstamo Código de colección Localización permanente Ubicación/localización actual Ubicación en estantería Fecha de adquisición Número de inventario Total de préstamos Signatura topográfica completa Código de barras Fecha visto por última vez Precio válido a partir de Tipo de ítem Koha
    Préstamo interno   Monografías: Libros y Folletos General General En catalogación 22.08.2009 LF1   330 B352e 5748-10 25.06.2020 25.06.2020 Préstamo interno

Powered by Koha